• 首页
  • 本馆介绍
  • 公告通知
  • 最新文献
  • 馆藏检索
  • 电子资源
  • 读者导购
  • 参考咨询
  • 我的图书馆
  • 登录
  • 详细信息显示
  • 放入我的书架
  • 预约/预借图书
  • 作者相关作品
  • 分类相关作品
  • 丛书相关作品
  • 出版社相关作品

书目信息

  • 表格格式
  • 工作单格式
  • 卡片格式
题名:
基于Excel应用的财务管理电算化
    
 
作者: 钟爱军 编著
分册:  
出版信息: 北京   清华大学出版社  2012
页数: 315页
开本: 23cm
丛书名:
单 册:
中图分类: F275-39
科图分类:
主题词: 表处理软件--应用--财务管理 , 表处理软件 , 财务管理
电子资源:
ISBN: 978-7-302-28402-4
000 00897nam0 2200265 450
001 523
005 20140909092353.34
010    @a978-7-302-28402-4@dCNY35.00
100    @a20120525d2012 em y0chiy50 ea
101 0  @achi
102    @aCN@b110000
105    @ay z 000yy
106    @ar
200 1  @a基于Excel应用的财务管理电算化@AJi Yu Excel Ying Yong De Cai Wu Guan Li Dian Suan Hua@f钟爱军编著@FZhong Ai Jun Bian Zhu
210    @a北京@c清华大学出版社@d2012
215    @a315页@d23cm
330    @a本书内容包括Excel基本应用初阶和进阶、Excel在资金时间价值管理中的应用、Excel在资金筹集管理中的应用、Excel在流动资产管理中的应用等。
606 0  @a表处理软件@x应用@x财务管理
606 0  @a表处理软件
606 0  @a财务管理
610 0  @aExcel
690    @aF275-39@v5
701  0 @a钟爱军@AZhong Ai Jun@f(1966~)@4编著
801  0 @aCN@bTANGWEI@c20140603
905    @b0840689-91@dF275-39@e1090@f3
    
    基于Excel应用的财务管理电算化/钟爱军编著.-北京:清华大学出版社,2012
    315页;23cm
    
    
    ISBN 978-7-302-28402-4:CNY35.00
    本书内容包括Excel基本应用初阶和进阶、Excel在资金时间价值管理中的应用、Excel在资金筹集管理中的应用、Excel在流动资产管理中的应用等。
●
相关链接 在E读中查询图书 在五车中查询图书 在当当中查询图书 在豆瓣中查询图书


正题名:基于Excel应用的财务管理电算化     索取号:F275-39/1090         预约/预借

序号 登录号 条形码 馆藏地/架位号 状态 备注
1 0840689   208406893   第一样本阅览室/ [索取号:F275-39/1090] 在馆    
2 0840690   208406900   密集书库-海洋学院/ [索取号:F275-39/1090] 在馆    
3 0840691   208406919   第一借阅区/ [索取号:F275-39/1090] 在馆    
唐山师范学院图书馆 欢迎您!
大连网信软件有限公司© 版权所有